[Event "Titled Tuesday intern op 16th Apr Late"]
[Site "Chess.com INT"]
[Date "2024.04.16"]
[Round "3"]
[White "Bluebaum, Matthias"]
[Black "Rosen, Eric S"]
[Result "1-0"]
[WhiteElo "2649"]
[BlackElo "2361"]
[PlyCount "81"]
[EventDate "2024.04.16"]
[EventType "swiss (blitz)"]
[EventRounds "11"]
[EventCountry "USA"]
[SourceTitle "CB17_2024"]
[SourceDate "2024.04.24"]
[SourceVersion "1"]
[SourceVersionDate "2024.04.24"]
[SourceQuality "1"]

1. d4 d5 2. c4 e6 3. Nc3 Nf6 4. cxd5 exd5 5. Bg5 c6 6. e3 Bd6 7. Bd3 0-0 8. Nf3 h6 9. Bh4 Be6 10. Ne5 c5 11. 0-0 Nc6 12. Nxc6 bxc6 13. dxc5 Bxc5 14. Rc1 Bd6 15. Na4 Rc8 16. Nc5 Qe7 17. Nxe6 fxe6 18. Qa4 c5 19. Bb1 c4 20. Qc2 g5 21. Bg3 Bxg3 22. hxg3 Qg7 23. Qd2 Ng4 24. b3 Qf7 25. f3 Ne5 26. Qd4 Qg7 27. Kh1 Rc7 28. e4 Rd8 29. exd5 Rxd5 30. Qe4 c3 31. f4 Ng4 32. Qxe6+ Qf7 33. Qxg4 Rd2 34. fxg5 Qg7 35. Qe6+ Kh8 36. Qe8+ Qg8 37. Rf8 Rg7 38. Rxg8+ Rxg8 39. Qe5+ Rg7 40. gxh6 Rd6 41. Qxg7# 1-0

[Event "Titled Tuesday intern op 16th Apr Late"]
[Site "Chess.com INT"]
[Date "2024.04.16"]
[Round "8"]
[White "Rosen, Eric S"]
[Black "Karamsetty, Jeevan"]
[Result "1/2-1/2"]
[WhiteElo "2361"]
[BlackElo "2222"]
[PlyCount "137"]
[EventDate "2024.04.16"]
[EventType "swiss (blitz)"]
[EventRounds "11"]
[EventCountry "USA"]
[SourceTitle "CB17_2024"]
[SourceDate "2024.04.24"]
[SourceVersion "1"]
[SourceVersionDate "2024.04.24"]
[SourceQuality "1"]

1. d4 d6 2. e4 Nf6 3. Nc3 e5 4. Nge2 Be7 5. g3 c6 6. Bg2 b5 7. a3 a5 8. h3 h5 9. b3 Qc7 10. Bb2 Ba6 11. 0-0 Nbd7 12. Qd2 0-0 13. Kh2 Rfe8 14. b4 d5 15. exd5 axb4 16. axb4 Bxb4 17. dxc6 Nb6 18. Rxa6 Rxa6 19. Nxb5 Qe7 20. c3 exd4 21. Nexd4 Bc5 22. Nf5 Qf8 23. Nc7 Nc4 24. Qg5 Raa8 25. Nxe8 Rxe8 26. Bc1 Kh7 27. Nxg7 Qxg7 28. Qxc5 Ne5 29. c7 Qf8 30. c8Q Rxc8 31. Qxe5 Qg7 32. Be3 Ng4+ 33. hxg4 Qxe5 34. gxh5 Rxc3 35. Bf3 f5 36. Kg2 Rc2 37. Bf4 Qb2 38. Be3 Qb3 39. Re1 Qc3 40. Re2 Rxe2 41. Bxe2 Qc6+ 42. Bf3 Qe6 43. Bf4 Qe1 44. Be3 Qc3 45. Bf4 Qe1 46. h6 Qc3 47. Be3 Kg6 48. Bf4 Qf6 49. Be3 Qe6 50. Bf4 Qf6 51. Be2 Qc6+ 52. Kg1 Qe6 53. Bf3 Qe1+ 54. Kg2 Qe6 55. Bd1 Qd5+ 56. Bf3 Qe6 57. Kh2 Qe1 58. Be3 Qf1 59. Bg2 Qe2 60. Bh3 Qf3 61. Kg1 Qd1+ 62. Bf1 Qf3 63. Bg2 Qd1+ 64. Kh2 Qh5+ 65. Bh3 Qf3 66. Kg1 Qd1+ 67. Bf1 Qf3 68. Bd3 Qd1+ 69. Bf1 1/2-1/2

[Event "Titled Tuesday intern op 16th Apr Late"]
[Site "Chess.com INT"]
[Date "2024.04.16"]
[Round "4"]
[White "Rosen, Eric S"]
[Black "Trepat Herranz, Joan"]
[Result "1-0"]
[WhiteElo "2361"]
[BlackElo "2369"]
[PlyCount "79"]
[EventDate "2024.04.16"]
[EventType "swiss (blitz)"]
[EventRounds "11"]
[EventCountry "USA"]
[SourceTitle "CB17_2024"]
[SourceDate "2024.04.24"]
[SourceVersion "1"]
[SourceVersionDate "2024.04.24"]
[SourceQuality "1"]

1. d4 Nf6 2. Bf4 e6 3. e3 d5 4. Nf3 c5 5. Nbd2 Nc6 6. c3 cxd4 7. exd4 Nh5 8. Be3 Bd6 9. Ne5 g6 10. g4 Nf6 11. g5 Nh5 12. Ndf3 Qc7 13. Bb5 0-0 14. Bxc6 bxc6 15. Ng4 Rb8 16. Qd2 f5 17. gxf6 Nxf6 18. Nge5 Ne4 19. Qc2 c5 20. h4 cxd4 21. Bxd4 Rf5 22. 0-0-0 Bxe5 23. Nxe5 Rxe5 24. Bxe5 Qxe5 25. h5 g5 26. h6 Qf4+ 27. Kb1 Qxf2 28. Qc1 Qf4 29. Qc2 Qe3 30. Ka1 Qf2 31. Qc1 Qf4 32. Qc2 Ba6 33. Rhg1 Rf8 34. Qa4 Be2 35. Rde1 a6 36. Rxe2 Qf1+ 37. Re1 Qd3 38. Qc6 Rf6 39. Qd7 Rg6 40. Qe8# 1-0

[Event "Titled Tuesday intern op 02nd Apr Late"]
[Site "Chess.com INT"]
[Date "2024.04.02"]
[Round "3"]
[White "Gokerkan, Cem Kaan"]
[Black "Rosen, Eric S"]
[Result "0-1"]
[WhiteElo "2512"]
[BlackElo "2361"]
[PlyCount "126"]
[EventDate "2024.04.02"]
[EventType "swiss (blitz)"]
[EventRounds "11"]
[EventCountry "USA"]
[SourceTitle "CB15_2024"]
[SourceDate "2024.04.10"]
[SourceVersion "1"]
[SourceVersionDate "2024.04.10"]
[SourceQuality "1"]

1. e4 c5 2. c3 d5 3. exd5 Qxd5 4. d4 Nf6 5. Nf3 e6 6. Na3 Nc6 7. Nb5 Qd8 8. dxc5 Bxc5 9. Qxd8+ Kxd8 10. Bf4 Ne4 11. Rd1+ Bd7 12. Bg3 a6 13. Nbd4 Nxd4 14. Nxd4 Nxg3 15. hxg3 Ke7 16. Be2 h6 17. Bf3 Rab8 18. 0-0 Rhd8 19. Rfe1 g6 20. g4 Kf6 21. g3 Be8 22. Kg2 Bxd4 23. cxd4 Bc6 24. Re3 Bd5 25. Rc3 Rd7 26. a3 Rbd8 27. Rdd3 Bxf3+ 28. Rxf3+ Ke7 29. Rb3 b5 30. a4 bxa4 31. Rb6 Rxd4 32. Rxa6 R8d7 33. Rf4 g5 34. Rxd4 Rxd4 35. Kf3 Rb4 36. Ra7+ Kf6 37. Ra5 Kg7 38. Ra6 Kg6 39. Ra5 Kf6 40. Ra6 Kg6 41. Ra5 h5 42. gxh5+ Kxh5 43. Ra7 Kg6 44. g4 Kf6 45. Ra5 Rb3+ 46. Kg2 Rb4 47. Kg3 Kg6 48. Kf3 f5 49. Ra6 fxg4+ 50. Kg3 Kf5 51. Ra5+ e5 52. Ra8 Rb3+ 53. Kg2 Rb4 54. Kg3 Ke4 55. Kxg4 Kd3+ 56. Kxg5 Kc2 57. Kf5 e4 58. Kf4 Kxb2 59. Ke3 a3 60. Rd8 a2 61. Rd2+ Kb1 62. Rd1+ Kc2 63. Ra1 Kb2 0-1

[Event "Titled Tuesday intern op 02nd Apr Late"]
[Site "Chess.com INT"]
[Date "2024.04.02"]
[Round "2"]
[White "Rosen, Eric S"]
[Black "Shtivelband, Richard"]
[Result "1-0"]
[WhiteElo "2361"]
[BlackElo "2031"]
[PlyCount "51"]
[EventDate "2024.04.02"]
[EventType "swiss (blitz)"]
[EventRounds "11"]
[EventCountry "USA"]
[SourceTitle "CB15_2024"]
[SourceDate "2024.04.10"]
[SourceVersion "1"]
[SourceVersionDate "2024.04.10"]
[SourceQuality "1"]

1. d4 d5 2. Bf4 Nf6 3. e3 c6 4. Nd2 Bf5 5. c4 e6 6. Qb3 Qb6 7. c5 Qxb3 8. axb3 Nbd7 9. b4 Be7 10. h3 0-0 11. b5 cxb5 12. Bxb5 Rfc8 13. Ngf3 a6 14. Be2 b6 15. b4 a5 16. cxb6 axb4 17. Rxa8 Rxa8 18. b7 Ra1+ 19. Bd1 Bc2 20. Ke2 b3 21. Bxc2 Rxh1 22. Bxb3 Ne4 23. Nxe4 dxe4 24. Nd2 g5 25. Bg3 h5 26. Ba4 1-0

[Event "Titled Tuesday intern op 02nd Apr Early"]
[Site "Chess.com INT"]
[Date "2024.04.02"]
[Round "8"]
[White "Sahin, Sarp"]
[Black "Rosen, Eric S"]
[Result "1/2-1/2"]
[WhiteElo "2115"]
[BlackElo "2361"]
[PlyCount "268"]
[EventDate "2024.04.02"]
[EventType "swiss (blitz)"]
[EventRounds "11"]
[EventCountry "USA"]
[SourceTitle "CB15_2024"]
[SourceDate "2024.04.10"]
[SourceVersion "1"]
[SourceVersionDate "2024.04.10"]
[SourceQuality "1"]

1. d4 d5 2. Bf4 Nf6 3. e3 c5 4. c3 Nc6 5. Nd2 e6 6. Ngf3 cxd4 7. exd4 Nh5 8. Bg3 Bd6 9. Bxd6 Qxd6 10. g3 0-0 11. Bg2 b5 12. 0-0 Nf6 13. a3 a5 14. b4 e5 15. dxe5 Nxe5 16. Re1 Nd3 17. Re3 Nxf2 18. Kxf2 Ng4+ 19. Ke2 Nxe3 20. Kxe3 Bg4 21. Kf2 Qb6+ 22. Kf1 Rfe8 23. h3 Bf5 24. Nd4 Be4 25. Nxe4 dxe4 26. Kg1 Qc7 27. Qe1 axb4 28. cxb4 Qa7 29. Qe3 Rad8 30. Nf5 Qxe3+ 31. Nxe3 Rd3 32. Kf2 Rd2+ 33. Ke1 Rd3 34. Ke2 g6 35. g4 Rd4 36. Rd1 Rxd1 37. Nxd1 Ra8 38. Bxe4 Rxa3 39. Bd3 Rb3 40. Bxb5 Rxb4 41. Bd3 Rb8 42. Ne3 Kg7 43. Kf3 Rb3 44. Bc4 Rc3 45. Bd5 Kf6 46. Kf2 Ra3 47. Bc4 Ra7 48. Bd5 Ke5 49. Bf3 Kf4 50. Nd5+ Ke5 51. Ne3 Ra3 52. Nc4+ Kf4 53. Nxa3 Kg5 54. Nc2 Kh4 55. Kg2 h5 56. gxh5 gxh5 57. Ne3 Kg5 58. Kg3 h4+ 59. Kf2 Kf4 60. Ng2+ Kg5 61. Ke3 f6 62. Nf4 Kf5 63. Bg4+ Ke5 64. Ng6+ Kd6 65. Nxh4 Ke5 66. Nf5 Ke6 67. h4 Kf7 68. h5 Kg8 69. Kd4 Kh7 70. Kd5 Kg8 71. Ke6 Kh7 72. Kxf6 Kh8 73. Kg6 Kg8 74. Ne7+ Kh8 75. Nf5 Kg8 76. h6 Kh8 77. Ng7 Kg8 78. Nh5 Kh8 79. Kg5 Kg8 80. Be6+ Kh7 81. Nf6+ Kh8 82. Ng4 Kh7 83. Bf5+ Kh8 84. Kg6 Kg8 85. Nf6+ Kh8 86. Nh5 Kg8 87. Nf4 Kh8 88. Kh5 Kg8 89. Ng6 Kh7 90. Nf8+ Kh8 91. Ne6 Kg8 92. h7+ Kh8 93. Ng5 Kg7 94. Ne4 Kh8 95. Nd6 Kg7 96. h8Q+ Kxh8 97. Kh6 Kg8 98. Be6+ Kf8 99. Nf5 Ke8 100. Kg7 Kd8 101. Kf6 Kc7 102. Ke5 Kc6 103. Bd5+ Kc5 104. Ne7 Kb4 105. Kd4 Kb5 106. Nc6 Kb6 107. Kc4 Kc7 108. Kc5 Kd7 109. Bf7 Kc7 110. Be6 Kb7 111. Kd6 Kb6 112. Nd4 Ka5 113. Kc5 Ka4 114. Nc2 Ka5 115. Bb3 Ka6 116. Kc6 Ka5 117. Kc5 Ka6 118. Bd5 Ka5 119. Bc6 Ka6 120. Nd4 Ka5 121. Nb3+ Ka6 122. Nd2 Ka5 123. Nc4+ Ka6 124. Bb5+ Kb7 125. Kd6 Kc8 126. Ke7 Kc7 127. Ke8 Kc8 128. Ne5 Kc7 129. Ke7 Kb6 130. Bd7 Kc5 131. Ke6 Kd4 132. Bc6 Kc5 133. Be4 Kd4 134. Nc6+ Kc5 1/2-1/2

[Event "Titled Tuesday intern op 02nd Apr Early"]
[Site "Chess.com INT"]
[Date "2024.04.02"]
[Round "10"]
[White "Stillger, Bernhard"]
[Black "Rosen, Eric S"]
[Result "0-1"]
[WhiteElo "2256"]
[BlackElo "2361"]
[PlyCount "200"]
[EventDate "2024.04.02"]
[EventType "swiss (blitz)"]
[EventRounds "11"]
[EventCountry "USA"]
[SourceTitle "CB15_2024"]
[SourceDate "2024.04.10"]
[SourceVersion "1"]
[SourceVersionDate "2024.04.10"]
[SourceQuality "1"]

1. d4 d5 2. c4 e6 3. Nf3 Nf6 4. Nc3 Nbd7 5. Bf4 Bb4 6. e3 c5 7. dxc5 Qa5 8. Qc2 Ne4 9. Rc1 Ndxc5 10. cxd5 exd5 11. Bd3 Bf5 12. 0-0 Bxc3 13. bxc3 Nxd3 14. Qxd3 Ng3 15. Qd2 Nxf1 16. Kxf1 0-0 17. Nd4 Bg6 18. Nb3 Qb5+ 19. Kg1 Rac8 20. Be5 f6 21. Bd4 b6 22. Qb2 a5 23. Qa3 a4 24. Nd2 Qe2 25. Nf3 Be4 26. Re1 Qc2 27. Rc1 Qe2 28. Re1 Qb5 29. Nd2 Rfe8 30. Nxe4 dxe4 31. g3 Rc6 32. Qc1 h5 33. h4 Kh7 34. Qb1 Qxb1 35. Rxb1 Rb8 36. Rb5 Kg6 37. Kg2 Kh6 38. Kh3 g6 39. g4 hxg4+ 40. Kxg4 f5+ 41. Kg3 Kh7 42. a3 Rbc8 43. Rd5 R8c7 44. Kf4 Kh6 45. Rd8 Rb7 46. Rh8+ Rh7 47. Ra8 Kh5 48. Kg3 g5 49. hxg5 Kxg5 50. Rxa4 f4+ 51. exf4+ Kf5 52. f3 Rg6+ 53. Kf2 Rh2+ 54. Ke3 exf3 55. Kxf3 Rh3+ 56. Kf2 Rh2+ 57. Kf3 Rh3+ 58. Kf2 Rgh6 59. Ra8 Rh2+ 60. Kf1 Ke4 61. Bg1 Ra2 62. Re8+ Kf3 63. Re3+ Kxf4 64. Rd3 Kg4 65. Be3 Rf6+ 66. Ke1 Re6 67. Kf1 Kf5 68. Rd2 Rxd2 69. Bxd2 Re4 70. Bc1 Ke6 71. Kf2 Kd5 72. Kf3 Re1 73. Be3 Rb1 74. Bd4 Kc4 75. Ke3 b5 76. Ke4 Ra1 77. Ke5 Rxa3 78. Ke4 Ra8 79. Be5 Re8 80. Kf5 Kd5 81. Bf6 Rf8 82. Kg6 Ke6 83. Bd4 Rf3 84. Kg5 Kd5 85. Bf6 Ke4 86. Bh8 Kd5 87. Kg4 Rf7 88. Kg3 Kc4 89. Kg4 Rf1 90. Kg3 Rc1 91. Kf3 Rxc3+ 92. Ke2 Rd3 93. Bg7 Rd5 94. Bf8 b4 95. Ke3 b3 96. Ba3 Rd3+ 97. Ke2 Kc3 98. Be7 Kc2 99. Bf6 Rd7 100. Bg7 Rxg7 0-1

[Event "Titled Tuesday intern op 12th Mar Early"]
[Site "Chess.com INT"]
[Date "2024.03.12"]
[Round "9"]
[White "Martin, Lewis"]
[Black "Rosen, Eric S"]
[Result "0-1"]
[WhiteElo "2076"]
[BlackElo "2361"]
[PlyCount "80"]
[EventDate "2024.03.12"]
[EventType "swiss (blitz)"]
[EventRounds "11"]
[EventCountry "USA"]
[SourceTitle "CB12_2024"]
[SourceDate "2023.10.01"]
[SourceVersion "1"]
[SourceVersionDate "2023.10.01"]
[SourceQuality "1"]

1. e4 e5 2. Nf3 Nf6 3. Nc3 Bc5 4. Bc4 Nc6 5. 0-0 d6 6. d3 Bg4 7. h3 Bh5 8. g4 Bg6 9. Be3 h5 10. g5 Nd7 11. h4 Nf8 12. Bxc5 dxc5 13. Bb5 f6 14. Qd2 Qd7 15. Nd5 Qg4+ 16. Kh2 Qxf3 17. Nxc7+ Kd7 18. Nxa8 Ne6 19. Qe3 Qg4 20. Qh3 Qxh3+ 21. Kxh3 fxg5 22. hxg5 Rxa8 23. c3 a6 24. Ba4 Rf8 25. f3 Nxg5+ 26. Kg3 Ne6 27. Rad1 b5 28. Bb3 Nf4 29. Kf2 Bf7 30. Ke3 g5 31. Rg1 Bxb3 32. axb3 Rg8 33. b4 cxb4 34. d4 bxc3 35. bxc3 exd4+ 36. cxd4 Na5 37. Ra1 Nc4+ 38. Kf2 Nh3+ 39. Kg2 Nxg1 40. Kxg1 a5 0-1

[Event "Titled Tuesday intern op 12th Mar Late"]
[Site "Chess.com INT"]
[Date "2024.03.12"]
[Round "9"]
[White "Rosen, Eric S"]
[Black "Bold, Andre"]
[Result "0-1"]
[WhiteElo "2361"]
[BlackElo "2218"]
[PlyCount "162"]
[EventDate "2024.03.12"]
[EventType "swiss (blitz)"]
[EventRounds "11"]
[EventCountry "USA"]
[SourceTitle "CB12_2024"]
[SourceDate "2023.10.01"]
[SourceVersion "1"]
[SourceVersionDate "2023.10.01"]
[SourceQuality "1"]

1. e4 c6 2. d4 d5 3. Nc3 dxe4 4. Nxe4 Nf6 5. Ng5 Bf5 6. N1f3 Bg6 7. Ne5 Nbd7 8. Qf3 Nxe5 9. dxe5 Qa5+ 10. Qc3 Qxc3+ 11. bxc3 Nd5 12. e6 f6 13. Nf3 Bxc2 14. Nd4 Bg6 15. c4 Nc7 16. Bf4 0-0-0 17. 0-0-0 Rxd4 18. Rxd4 Nxe6 19. Be3 Nxd4 20. Bxd4 e5 21. Bxa7 Ba3+ 22. Kd2 Rd8+ 23. Kc3 Kc7 24. Be3 Rd1 25. g3 Be4 26. Rg1 Bd3 27. Bxd3 Rxg1 28. Bxh7 Bc1 29. Bc5 b6 30. Bf8 Bh6 31. c5 Rg2 32. cxb6+ Kxb6 33. Kc4 Rxh2 34. Be4 Kc7 35. Bc5 Bd2 36. a4 Ba5 37. f4 exf4 38. gxf4 Bb6 39. Bf8 Rh4 40. Bxg7 Rxf4 41. Kd3 Kd6 42. Bf8+ Kd7 43. Bh6 Rh4 44. Bg7 Rh3+ 45. Kd2 Rh2+ 46. Kd3 Rf2 47. a5 Bxa5 48. Bh6 Bc7 49. Be3 Rf1 50. Ke2 Ra1 51. Bd4 Be5 52. Bxa1 Bxa1 53. Bf5+ Kd6 54. Kd3 Be5 55. Be4 Kc5 56. Kc2 Kb5 57. Bf5 c5 58. Be6 Kb4 59. Kd3 Kb5 60. Bc4+ Kc6 61. Ke4 Kd6 62. Bb3 Ba1 63. Bc4 Ke7 64. Kf5 Bd4 65. Bb3 Kd7 66. Bc4 Kc7 67. Ke4 Kb6 68. Bd3 Ka5 69. Kd5 Kb4 70. Be2 Kc3 71. Ke6 Kb3 72. Kd5 Be3 73. Bd3 Kc3 74. Be2 f5 75. Bf3 f4 76. Be2 Kb3 77. Bf1 Bd4 78. Ke4 Be3 79. Kd5 Kb2 80. Kc4 Kc1 81. Bg2 Kd2 0-1

[Event "Titled Tuesday intern op 12th Mar Late"]
[Site "Chess.com INT"]
[Date "2024.03.12"]
[Round "4"]
[White "Rosen, Eric S"]
[Black "Marn, Jan"]
[Result "1/2-1/2"]
[WhiteElo "2361"]
[BlackElo "2341"]
[PlyCount "144"]
[EventDate "2024.03.12"]
[EventType "swiss (blitz)"]
[EventRounds "11"]
[EventCountry "USA"]
[SourceTitle "CB12_2024"]
[SourceDate "2023.10.01"]
[SourceVersion "1"]
[SourceVersionDate "2023.10.01"]
[SourceQuality "1"]

1. e4 e5 2. Nf3 Nc6 3. c3 Nf6 4. d4 exd4 5. e5 Nd5 6. Qb3 Nb6 7. cxd4 d6 8. Bb5 dxe5 9. Nxe5 Qf6 10. 0-0 Be6 11. Qg3 Bd5 12. Nc3 Be7 13. Nxd5 Nxd5 14. Nxc6 bxc6 15. Bg5 Qg6 16. Bxe7 Qxg3 17. Bxc6+ Kxe7 18. hxg3 Rad8 19. Rac1 Nb4 20. Rfe1+ Kf6 21. Bb5 c6 22. a3 cxb5 23. axb4 Rxd4 24. Rc6+ Kg5 25. Rc5+ Kg6 26. Rxb5 Rc8 27. Re2 Rd1+ 28. Kh2 Rcc1 29. g4 Re1 30. Rd2 Red1 31. Re2 Re1 32. Rxe1 Rxe1 33. f3 Rb1 34. Ra5 Rxb2 35. Ra6+ f6 36. Ra4 h6 37. Kg3 Kh7 38. Kh3 Kg6 39. Kg3 Kh7 40. Rxa7 Rxb4 41. Ra6 Kg6 42. Ra8 Rb3 43. Ra2 Rb4 44. Rc2 Rb3 45. Rc4 Rb2 46. Rd4 Ra2 47. Kh3 Rb2 48. Rd3 Ra2 49. Rd8 Rb2 50. g3 Rf2 51. f4 Ra2 52. Rd3 Rb2 53. Rc3 Ra2 54. Rb3 Rc2 55. Rb7 Ra2 56. Rb5 Rc2 57. Rb8 Ra2 58. Rh8 Rc2 59. f5+ Kf7 60. Ra8 Rb2 61. Ra7+ Kg8 62. Ra8+ Kf7 63. Ra6 Rc2 64. Ra1 Rb2 65. Rd1 Ra2 66. Rd7+ Kg8 67. Rc7 Rb2 68. Ra7 Kf8 69. Rd7 Ra2 70. Rb7 Rc2 71. Ra7 Rb2 72. Ra8+ Kf7 1/2-1/2

[Event "Titled Tuesday intern op 12th Mar Late"]
[Site "Chess.com INT"]
[Date "2024.03.12"]
[Round "8"]
[White "Rosen, Eric S"]
[Black "Reprintsev, Alexander"]
[Result "0-1"]
[WhiteElo "2361"]
[BlackElo "2241"]
[PlyCount "82"]
[EventDate "2024.03.12"]
[EventType "swiss (blitz)"]
[EventRounds "11"]
[EventCountry "USA"]
[SourceTitle "CB12_2024"]
[SourceDate "2023.10.01"]
[SourceVersion "1"]
[SourceVersionDate "2023.10.01"]
[SourceQuality "1"]

1. e4 d5 2. exd5 Qxd5 3. Nc3 Qa5 4. b4 Qxb4 5. Nb5 Qa5 6. Bc4 Nf6 7. Nf3 a6 8. Nbd4 e6 9. 0-0 Be7 10. d3 c5 11. Ne2 b5 12. Bb3 Bb7 13. Ng3 Nbd7 14. Re1 0-0 15. Bb2 Rad8 16. Qe2 Rfe8 17. Ng5 Bd5 18. c4 bxc4 19. dxc4 Ba8 20. Bc2 Nf8 21. Rad1 Rxd1 22. Qxd1 Rd8 23. Qb1 h6 24. Bxf6 Bxf6 25. Bh7+ Nxh7 26. Qxh7+ Kf8 27. Qh8+ Ke7 28. Nf5+ Kd7 29. Rd1+ Kc6 30. Nd4+ cxd4 31. Qh7 hxg5 32. c5 Kc7 33. c6 Qf5 34. Qxf5 exf5 35. f4 gxf4 36. a4 Bxc6 37. a5 d3 38. h4 d2 39. Rb1 d1Q+ 40. Kh2 Qxb1 41. h5 Qf1 0-1

[Event "Titled Tuesday intern op 27th Feb Late"]
[Site "Chess.com INT"]
[Date "2024.02.27"]
[Round "1"]
[White "Erden, Kadir"]
[Black "Rosen, Eric S"]
[Result "0-1"]
[WhiteElo "2230"]
[BlackElo "2361"]
[PlyCount "86"]
[EventDate "2024.02.27"]
[EventType "swiss (blitz)"]
[EventRounds "11"]
[EventCountry "USA"]
[SourceTitle "CB10_2024"]
[SourceDate "2024.03.06"]
[SourceVersion "1"]
[SourceVersionDate "2024.03.06"]
[SourceQuality "1"]

1. d4 d5 2. Bf4 c5 3. e3 Nc6 4. c3 cxd4 5. exd4 f6 6. Bg3 Bf5 7. Nd2 e5 8. dxe5 fxe5 9. Ngf3 e4 10. Nh4 Be6 11. Qh5+ g6 12. Qe2 Be7 13. 0-0-0 Bxh4 14. Nxe4 Bxg3 15. hxg3 Qe7 16. Nc5 Bf5 17. Rxd5 Qxe2 18. Bxe2 Nge7 19. Rd2 b6 20. Na6 Rc8 21. g4 Be6 22. Re1 Kf7 23. a3 Rhe8 24. Bb5 Red8 25. Rxd8 Nxd8 26. f3 Nb7 27. Nb4 Nc5 28. Nc2 a6 29. Bf1 Nb3+ 30. Kb1 b5 31. Nb4 Nc5 32. Re5 Bc4 33. Bxc4+ bxc4 34. Nc2 Nd3 35. Re2 Nd5 36. Nd4 Rb8 37. Ka1 Rb6 38. Rd2 a5 39. b4 Nxc3 40. Nc2 axb4 41. Nxb4 Nxb4 42. axb4 Rxb4 43. g5 Rb1# 0-1

[Event "Titled Tuesday intern op 27th Feb Late"]
[Site "Chess.com INT"]
[Date "2024.02.27"]
[Round "3"]
[White "Hakobyan, Aram"]
[Black "Rosen, Eric S"]
[Result "1-0"]
[WhiteElo "2619"]
[BlackElo "2361"]
[PlyCount "37"]
[EventDate "2024.02.27"]
[EventType "swiss (blitz)"]
[EventRounds "11"]
[EventCountry "USA"]
[SourceTitle "CB10_2024"]
[SourceDate "2024.03.06"]
[SourceVersion "1"]
[SourceVersionDate "2024.03.06"]
[SourceQuality "1"]

1. d4 d5 2. Nf3 Nf6 3. c4 e6 4. Nc3 Nbd7 5. g3 dxc4 6. Bg2 c6 7. 0-0 Be7 8. e4 e5 9. dxe5 Ng4 10. Bf4 Qa5 11. Qd4 Bd8 12. e6 Ndf6 13. exf7+ Kxf7 14. e5 Bb6 15. Qxc4+ Nd5 16. Ng5+ Kg6 17. Qe4+ Bf5 18. Qxf5+ Kxf5 19. Be4# 1-0

[Event "Titled Tuesday intern op 27th Feb Late"]
[Site "Chess.com INT"]
[Date "2024.02.27"]
[Round "7"]
[White "Pinero Rodriguez, Carlos Jose"]
[Black "Rosen, Eric S"]
[Result "0-1"]
[WhiteElo "2242"]
[BlackElo "2361"]
[PlyCount "78"]
[EventDate "2024.02.27"]
[EventType "swiss (blitz)"]
[EventRounds "11"]
[EventCountry "USA"]
[SourceTitle "CB10_2024"]
[SourceDate "2024.03.06"]
[SourceVersion "1"]
[SourceVersionDate "2024.03.06"]
[SourceQuality "1"]

1. e4 c5 2. Nf3 Nc6 3. g3 e5 4. Bg2 d6 5. 0-0 g6 6. c3 Bg7 7. Na3 Nge7 8. Nc2 0-0 9. d4 cxd4 10. cxd4 Bg4 11. d5 Nb8 12. h3 Bxf3 13. Bxf3 Nd7 14. Be3 f5 15. Bg5 h6 16. Bxe7 Qxe7 17. Ne3 f4 18. Ng2 h5 19. g4 Nc5 20. b4 hxg4 21. bxc5 gxf3 22. cxd6 Qxd6 23. Qxf3 Rac8 24. Rfc1 Rc5 25. Rxc5 Qxc5 26. Rd1 Rf6 27. Qb3 Rb6 28. Qd3 Rb2 29. Qf3 Bf8 30. h4 Qb6 31. a4 Bc5 32. Qg4 Rxf2 33. Kh1 Qf6 34. d6 Bxd6 35. Qc8+ Bf8 36. Qg4 f3 37. Ne3 Re2 38. Nd5 Qf7 39. Rf1 Rg2 0-1

[Event "Titled Tuesday intern op 27th Feb Late"]
[Site "Chess.com INT"]
[Date "2024.02.27"]
[Round "8"]
[White "Rosen, Eric S"]
[Black "Martinez Pla, Xavier"]
[Result "1/2-1/2"]
[WhiteElo "2361"]
[BlackElo "2247"]
[PlyCount "141"]
[EventDate "2024.02.27"]
[EventType "swiss (blitz)"]
[EventRounds "11"]
[EventCountry "USA"]
[SourceTitle "CB10_2024"]
[SourceDate "2024.03.06"]
[SourceVersion "1"]
[SourceVersionDate "2024.03.06"]
[SourceQuality "1"]

1. e4 c5 2. Nc3 Nc6 3. Bb5 Nd4 4. Nf3 e6 5. 0-0 a6 6. Bd3 Nc6 7. Be2 Qc7 8. d4 cxd4 9. Nxd4 Nf6 10. Be3 Be7 11. f4 d6 12. Qe1 Nxd4 13. Bxd4 0-0 14. Kh1 b5 15. a3 Bb7 16. Bf3 Rac8 17. Qg3 Bc6 18. Rae1 Rfd8 19. Qf2 Qb7 20. Bb6 Re8 21. h3 Nd7 22. Be3 a5 23. Bd4 b4 24. axb4 axb4 25. Nd1 Bf6 26. e5 Be7 27. Bxc6 Qxc6 28. Ne3 Qe4 29. c3 bxc3 30. bxc3 Ra8 31. f5 Nxe5 32. fxe6 fxe6 33. Bxe5 Qxe5 34. Qf7+ Kh8 35. Nf5 Qf6 36. Nxd6 Qxf7 37. Nxf7+ Kg8 38. Rxe6 Bf6 39. Nh6+ Kh8 40. Nf7+ Kg8 41. Nh6+ Kh8 42. Rxe8+ Rxe8 43. Nf7+ Kg8 44. Nd6 Re6 45. Nb5 Rc6 46. Rf3 Rc5 47. Nd4 Rc4 48. Rd3 h6 49. g3 Kf7 50. Kg2 Bxd4 51. cxd4 Ke6 52. d5+ Kd6 53. Kf3 Rc5 54. Ke4 g6 55. h4 Rc4+ 56. Rd4 Rc3 57. Rd3 Rxd3 58. Kxd3 Kxd5 59. Ke3 Ke5 60. Kf3 h5 61. Ke3 Kf5 62. Kf3 g5 63. hxg5 Kxg5 64. Kf2 Kg4 65. Kg2 Kg5 66. Kh3 Kg6 67. Kh4 Kh6 68. Kh3 Kg6 69. Kh4 Kh6 70. g4 hxg4 71. Kxg4 1/2-1/2

[Event "Titled Tuesday intern op 13th Feb Late"]
[Site "Chess.com INT"]
[Date "2024.02.13"]
[Round "10"]
[White "Argandona Riveiro, Inigo"]
[Black "Rosen, Eric S"]
[Result "0-1"]
[WhiteElo "2335"]
[BlackElo "2361"]
[PlyCount "62"]
[EventDate "2024.02.13"]
[EventType "swiss (blitz)"]
[EventRounds "11"]
[EventCountry "USA"]
[SourceTitle "CB08_2024"]
[SourceDate "2024.02.21"]
[SourceVersion "1"]
[SourceVersionDate "2024.02.21"]
[SourceQuality "1"]

1. Nf3 d5 2. c4 e6 3. g3 Nf6 4. Bg2 dxc4 5. Qa4+ c6 6. Qxc4 b5 7. Qc2 Bb7 8. a4 Nbd7 9. 0-0 a6 10. d4 c5 11. Rd1 Rc8 12. axb5 axb5 13. Qb3 Qb6 14. Nc3 b4 15. Na4 Qb5 16. dxc5 Nxc5 17. Nxc5 Bxc5 18. Qd3 Qb6 19. Be3 Bxe3 20. Qxe3 Qxe3 21. fxe3 0-0 22. Ra7 Bd5 23. Nd4 g6 24. h3 Bxg2 25. Kxg2 e5 26. Nf3 Rc2 27. Rd2 b3 28. Rb7 e4 29. Rxc2 bxc2 30. Rc7 exf3+ 31. exf3 Nd5 0-1

[Event "Titled Tuesday intern op 13th Feb Early"]
[Site "Chess.com INT"]
[Date "2024.02.13"]
[Round "3"]
[White "Eynullayev, Atilla Elshan"]
[Black "Rosen, Eric S"]
[Result "1-0"]
[WhiteElo "2265"]
[BlackElo "2361"]
[PlyCount "135"]
[EventDate "2024.02.13"]
[EventType "swiss (blitz)"]
[EventRounds "11"]
[EventCountry "USA"]
[SourceTitle "CB08_2024"]
[SourceDate "2024.02.21"]
[SourceVersion "1"]
[SourceVersionDate "2024.02.21"]
[SourceQuality "1"]

1. e4 c5 2. Nf3 Nc6 3. Bb5 e6 4. 0-0 Nge7 5. Re1 a6 6. Bf1 b5 7. a4 b4 8. d4 cxd4 9. Nxd4 Nxd4 10. Qxd4 Nc6 11. Qd1 Qc7 12. Nd2 Be7 13. Nc4 0-0 14. e5 f6 15. exf6 Bxf6 16. Qd6 Be5 17. Qxc7 Bxc7 18. a5 Nd4 19. Bd3 Bb7 20. Be3 Nf5 21. Bb6 Rac8 22. f3 Bb8 23. Rad1 Rf6 24. b3 Bd5 25. Ne5 d6 26. Nd7 Rf7 27. Nxb8 Rxb8 28. Bxa6 Ra8 29. Bd3 Kf8 30. a6 Ke7 31. Bb5 Kf6 32. Bf2 Rff8 33. a7 Rfc8 34. Rd2 Rc7 35. Ra1 Bb7 36. Bd3 d5 37. Bb5 h6 38. Bd3 g6 39. Kf1 Rcc8 40. g4 Nd6 41. Re2 e5 42. Ba6 Bxa6 43. Rxa6 Ke6 44. f4 e4 45. f5+ gxf5 46. Bg3 Rd8 47. gxf5+ Ke7 48. f6+ Ke6 49. f7 Rd7 50. Rf2 e3 51. Rf3 Rxf7 52. Rxf7 Kxf7 53. Bxd6 Ke6 54. Bb8+ Kf5 55. Ke2 d4 56. Rxh6 Ke4 57. Rh4+ Kd5 58. Rg4 Ke6 59. h4 Kf5 60. Rxd4 Kg6 61. Rc4 Kf5 62. Rxb4 Kg6 63. Re4 Kh6 64. Rxe3 Kh7 65. Re4 Kh8 66. b4 Kh7 67. b5 Rxa7 68. Bxa7 1-0